| 000 | 00000nam##2200000za#4500 |
| 001 | 9.619181 |
| 003 | CaOODSP |
| 005 | 20210615103318 |
| 007 | ta |
| 008 | 150406|2008||||xxc||||| f|0| 0 eng|d |
| 022 | |a0706-6457 |
| 040 | |aCaOODSP|beng |
| 043 | |an-cn--- |
| 086 | 1 |aFs97-6/2809 |
| 110 | 1 |aCanada. |bDepartment of Fisheries and Oceans. |
| 245 | 12|aA marketing overview for the advancement of Atlantic halibut cultivation in Atlantic Canada / |cBy J. Beibei ... [et al.]. |
| 260 | |aSt. Andrews - New Brunswick : |bFisheries and Oceans Canada |c2008. |
| 300 | |avii, 56p. : |bgraphs, references, tables ; |c28 cm. |
| 490 | 1 |aCanadian technical report of fisheries and aquatic sciences|x0706-6457|v2809 |
| 500 | |a"Aquaculture Research and Development Program (ACRDP), Fisheries and Oceans Canada, Science Branch, 531 Brandy Cove Rd., St. Andrews, NB E5B 2L9". |
| 546 | |a(Résumé en français.) |
| 563 | |aSoftcover |
| 590 | |a09-04|b2009-01-23 |
| 690 | 07|aFisheries|2gcpds |
| 690 | 07|aMarket development|2gcpds |
| 720 | 1 |aBeibei, J. |
| 776 | 0#|tA marketing overview for the advancement of Atlantic halibut cultivation in Atlantic Canada / |w(CaOODSP)9.575115 |
| 830 | #0|aCanadian technical report of fisheries and aquatic sciences,|x0706-6457|v2809|w(CaOODSP)9.514690 |